Can you guess these popular TV shows from their basic descriptions - Statistics

General Stats
  • This quiz has been taken 439 times
  • The average score is 11 of 27
Answer Stats
Hint Answer % Correct
Six friends form the original #friendshipgoals Friends
90%
Zombies, man, zombies The Walking Dead
80%
A big family that is portrayed as a normal family. I've said half the title twice now. You should be able to guess it Modern Family
70%
Resident girl who can't choose a guy at the hospital Grey's Anatomy
68%
A bunch of geniuses with two blonde girls. Friendship goals The Big Bang Theory
63%
Dude is serial killer and cop at the same time. Good show. Do not watch the ending. You will cry Dexter
59%
A bunch of horror stories that are loosely based off of true stories (at least most of their characters seem to be). Kind of freaky, can't really watch it American Horror Story
58%
Two brothers pick fights with monsters, demons, and angels Supernatural
58%
Grumpy doctor with amazing team fixing people House
55%
Fairytales are REAL Once Upon A Time
49%
Kids are sent to die on Earth. Did not die on Earth for reasons expected The 100
49%
Behavioral scientists working for FBI solving serial crimes and kidnappings Criminal Minds
47%
Law show about murder. Very fascinating How To Get Away With Murder
43%
Navy cop show NCIS
42%
Everybody dies trying to sit in a chair Game of Thrones
37%
A hot scientist chick works with hot FBI agent dude to solve crimes Bones
25%
African american family who is really funny. Seriously, watch this show Black-ish
22%
Comedy and horror. Very suspenseful. Sorority murders Scream Queens
22%
A bunch of girls get together and try to win over a man. Overrated and kind of disgusting, but hey, you do you The Bachelor
21%
A taiwanese family make their way in America in the 1990's Fresh Off The Boat
18%
Everyone knows Cookie. Literally everyone. Including me, and I've never seen this show Empire
14%
Secret agency that has it's logo literally printed on everything. How does it stay secret again? Agents of Shield
13%
Girl loses her memory and wakes up covered in tattoos/clues Blindspot
13%
Major criminal working with FBI newbie to solve crimes. Criminal is being shady (to be expected) and keeping stuff from newbie The Blacklist
13%
No one can lie to this guy. Except sociopaths, his collegue, and maybe his daughter every now and then Lie To Me
12%
Geniuses working together with FBI, normal girl, and her genius son to fix stuff Scorpion
12%
A couple who love each other with alcoholic sister and possibly sex-addict mom? Mike and Molly
4%
No matching quizzes found
Score Distribution
Percent of People with Each Score
Percentile by Number Answered
Your Score History
You have not taken this quiz